Lacayo, Robelo y Pastora: fuera del juego /
Gardado en:
| Autor Principal: | |
|---|---|
| Formato: | Texto |
| Etiquetas: |
Engadir etiqueta
Sen Etiquetas, Sexa o primeiro en etiquetar este rexistro!
|
MARC
| LEADER | 00000 a a2200000 04500 | ||
|---|---|---|---|
| 001 | 45997 | ||
| 003 | |||
| 040 | |a CRAI/IIS |c CRAI/IIS | ||
| 100 | |a Fernández Ampié, Guillermo | ||
| 245 | |a Lacayo, Robelo y Pastora: |b fuera del juego / |c Guillermo Fernández Ampié | ||
| 773 | |g volumen16, número397 (1996), páginas 4-5 : foto | ||
| 999 | |c 18537 |d 18537 | ||
